| 000 | 00445cas a2200145u 4500 | ||
|---|---|---|---|
| 082 |
_a629.28 _bHOW _cL-17, P-12 |
||
| 245 | 0 | 0 | _aHow to drive a car. |
| 260 |
_aLondon, _aTemple press [etc.] |
||
| 300 |
_axiv, 156p _billus., diagrs. _c19 cm. |
||
| 526 |
_a0 _b0 _c0 _d629_280000000000000_HOW |
||
| 650 | 0 |
_aAutomobile drivers. _920750 |
|
| 650 | 0 |
_aMCE _9379 |
|
| 710 | 2 |
_aBritish School of Motoring, ltd. [from old catalog] _944415 |
|
| 942 |
_2ddc _cBK |
||
| 999 |
_c548208 _d548208 |
||